Zbláznila ses? /

Hlavní autor: Jirásková, Jana, 1970-
Jazyk: Čeština
Vydáno: V Praze : Paseka, 2016
Vydání: Vydání první
Témata:
Fyzický popis: 213 stran ; 21 cm
Knihy
Uloženo v:
LEADER 01119cam a2200361 i 4500
001 nkc20162830642
003 CZ PrNK
005 20160927144043.0
007 ta
008 160825s2016 xr g 000 f cze d
015 |a cnb002830642 
020 |a 978-80-7432-704-9  |q (vázáno) 
035 |a (OCoLC)960190871 
040 |a OSA001  |b cze  |d BOA001  |e rda 
072 7 |a 821.162.3-3  |x Česká próza  |2 Konspekt  |9 25 
080 |a 821.162.3-31  |2 MRF 
080 |a (0:82-31)  |2 MRF 
100 1 |a Jirásková, Jana,  |d 1970-  |7 jo20000074246  |4 aut 
245 1 0 |a Zbláznila ses? /  |c Jana Jirásková 
250 |a Vydání první 
264 1 |a V Praze :  |b Paseka,  |c 2016 
300 |a 213 stran ;  |c 21 cm 
336 |a text  |b txt  |2 rdacontent 
337 |a bez média  |b n  |2 rdamedia 
338 |a svazek  |b nc  |2 rdacarrier 
655 7 |a české romány  |7 fd133974  |2 czenas 
655 9 |a Czech fiction  |2 eczenas 
910 2 |a BOA001  |b 2-1371.984 
920 |a 000691857  |z OSA001 
990 |a BK 
995 |a 01 
991 |b 201609  |c NOV 
996 6 |b 2610680937  |c 2-1371.984  |l MZK  |r Sklad / do 1 hodiny  |n 1  |p p.v.  |w 001577918  |u 000010  |a 1  |e BOA001  |j MZK50  |s P